1995 Speedway Grand Prix Riders - Statistics

General Stats
  • This quiz has been taken 85 times
  • The average score is 12 of 23
Answer Stats
Nationality Answer Pts % Correct
United States Billy Hamill 80 Permanent
93%
United States Greg Hancock 82 Permanent
93%
Great Britain Mark Loram 77 Permanent
93%
Denmark Hans Nielsen 103 Permanent
87%
Poland Tomasz Gollob 73 Permanent
87%
Sweden Tony Rickardsson 88 Permanent
87%
Australia Jason Crump 12 Wild Card
73%
United States Sam Ermolenko 83 Permanent
73%
Great Britain Chris Louis 77 Permanent
67%
Norway Lars Gunnestad 9 Wild Card
53%
Great Britain Andy Smith 38 Permanent
47%
Sweden Mikael Karlsson 17 Permanent
47%
Sweden Peter Karlsson 16 Wild Card
47%
Poland Dariusz Śledź 10 Wild Card
40%
Australia Craig Boyce 60 Permanent
33%
Germany Gerd Riss 16 Wild Card
33%
Sweden Henrik Gustafsson 73 Permanent
33%
Great Britain Gary Havelock 45 Permanent
27%
United States Josh Larsen 7 Permanent
27%
Great Britain Marvyn Cox 54 Permanent
27%
Denmark Tommy Knudsen 67 Permanent
27%
Austria Franz Leitner 6 Wild Card
7%
Denmark Jan Stæchmann 23 Permanent
7%
No matching quizzes found
Score Distribution
Percent of People with Each Score
Percentile by Number Answered
Your Score History
You have not taken this quiz